Reality and illusion in New Testament scholarship : (Record no. 117968)
[ view plain ]
| 000 -LEADER | |
|---|---|
| fixed length control field | 01110cam a22003258a 4500 |
| 001 - CONTROL NUMBER | |
| control field | 4484520 |
| 003 - CONTROL NUMBER IDENTIFIER | |
| control field | ARRUPE |
| 005 - DATE AND TIME OF LATEST TRANSACTION | |
| control field | 20130924134646.0 |
| 008 - FIXED-LENGTH DATA ELEMENTS--GENERAL INFORMATION | |
| fixed length control field | 950308s1995 mnu b 001 0 eng |
| 010 ## - LIBRARY OF CONGRESS CONTROL NUMBER | |
| LC control number | 94023991 |
| 020 ## - INTERNATIONAL STANDARD BOOK NUMBER | |
| International Standard Book Number | 0814657710 |
| 035 ## - SYSTEM CONTROL NUMBER | |
| System control number | (OCoLC)505719863 |
| 035 ## - SYSTEM CONTROL NUMBER | |
| System control number | (OCoLC)ocn505719863 |
| 035 ## - SYSTEM CONTROL NUMBER | |
| System control number | (NNC)4484520 |
| 040 ## - CATALOGING SOURCE | |
| Original cataloging agency | DLC |
| Transcribing agency | DLC |
| Modifying agency | CBGTU |
| 050 00 - LIBRARY OF CONGRESS CALL NUMBER | |
| Classification number | BS476 |
| Item number | .M36 1995 |
| 090 ## - LOCALLY ASSIGNED LC-TYPE CALL NUMBER (OCLC); LOCAL CALL NUMBER (OCLC) | |
| Classification number (OCLC) (R) ; Classification number, CALL (RLIN) (NR) | BS476 |
| Local cutter number (OCLC) ; Book number/undivided call number, CALL (RLIN) | .M36 1995 |
| 300 ## - PHYSICAL DESCRIPTION | |
| Dimensions | 21 cm. |
| 100 1# - MAIN ENTRY--PERSONAL NAME | |
| Personal name | Meyer, Ben F., |
| Dates associated with a name | 1927- |
| 9 (RLIN) | 972 |
| 245 10 - TITLE STATEMENT | |
| Title | Reality and illusion in New Testament scholarship : |
| Remainder of title | a primer in critical realist hermeneutics / |
| Statement of responsibility, etc | Ben F. Meyer. |
| 260 ## - PUBLICATION, DISTRIBUTION, ETC. (IMPRINT) | |
| Place of publication, distribution, etc | Collegeville, Minn. : |
| Name of publisher, distributor, etc | Liturgical Press, |
| Date of publication, distribution, etc | c1995. |
| 300 ## - PHYSICAL DESCRIPTION | |
| Extent | xi, 244 p. ; |
| 500 ## - GENERAL NOTE | |
| General note | "A Michael Glazier book." |
| 504 ## - BIBLIOGRAPHY, ETC. NOTE | |
| Bibliography, etc | Includes bibliographical references (p.229-241) and indexes. |
| 600 10 - SUBJECT ADDED ENTRY--PERSONAL NAME | |
| Personal name | Lonergan, Bernard J. F. |
| Title of a work | Method in theology. |
| 9 (RLIN) | 973 |
| 630 00 - SUBJECT ADDED ENTRY--UNIFORM TITLE | |
| Uniform title | Bible. |
| Name of part/section of a work | New Testament |
| General subdivision | Hermeneutics. |
| 9 (RLIN) | 974 |
| 630 00 - SUBJECT ADDED ENTRY--UNIFORM TITLE | |
| Uniform title | Bible. |
| Name of part/section of a work | New Testament |
| General subdivision | Criticism, interpretation, etc. |
| 9 (RLIN) | 975 |
| 650 #0 - SUBJECT ADDED ENTRY--TOPICAL TERM | |
| Topical term or geographic name as entry element | Critical realism. |
| 9 (RLIN) | 976 |
| 942 ## - ADDED ENTRY ELEMENTS (KOHA) | |
| Source of classification or shelving scheme | Library of Congress Classification |
| Koha item type | Monograph ( Printed materials) |
| Withdrawn status | Lost status | Source of classification or shelving scheme | Damaged status | Not for loan | Home library | Current library | Date acquired | Total Checkouts | Full call number | Barcode | Date last seen | Price effective from | Koha item type | Collection code | Shelving location | Copy number |
|---|---|---|---|---|---|---|---|---|---|---|---|---|---|---|---|---|
| Library of Congress Classification | ARRUPE LIBRARY | ARRUPE LIBRARY | 24/09/2013 | BS476 .M36 1995 | 46411334 | 24/09/2013 | 24/09/2013 | Monograph ( Printed materials) | ||||||||
| Library of Congress Classification | ARRUPE LIBRARY | ARRUPE LIBRARY | 24/09/2013 | BS476 .M36 1995 | 46411335 | 24/09/2013 | 24/09/2013 | Monograph ( Printed materials) | ||||||||
| Library of Congress Classification | ARRUPE LIBRARY | ARRUPE LIBRARY | 26/02/2014 | BS476 .M36 1995 | 46500002247 | 07/12/2016 | 26/02/2014 | Monograph ( Printed materials) | Main Collection | Main Collection | 3 |